Lidingöbanan - Statistics

General Stats
  • This quiz has been taken 20 times
  • The average score is 8 of 13
Answer Stats
Answer % Correct
Gåshaga
92%
Ropsten
85%
Gåshaga Brygga
77%
AGA
69%
Larsberg
62%
Bodal
54%
Brevik
54%
Kottla
54%
Torsvik
54%
Baggeby
46%
Skärsätra
46%
Högberga
31%
Käppala
31%
No matching quizzes found
Score Distribution
Percent of People with Each Score
Percentile by Number Answered
Your Score History
You have not taken this quiz